|
|
|
|
| LEADER |
00000nam0a2200000 4500 |
| 001 |
182753 |
| 005 |
20231101223720.0 |
| 010 |
|
|
|a 9789665212560
|
| 035 |
|
|
|a (RuTPU)RU\TPU\book\198103
|
| 090 |
|
|
|a 182753
|
| 100 |
|
|
|a 20100624d2009 km y0rusy50 ca
|
| 101 |
0 |
|
|a rus
|
| 102 |
|
|
|a UA
|
| 105 |
|
|
|a a z 001zy
|
| 200 |
1 |
|
|a Управление финансовой безопасностью предприятия
|f И. А. Бланк
|
| 205 |
|
|
|a 2-е изд., стер.
|
| 210 |
|
|
|a Киев
|c SmartBook
|d 2009
|
| 215 |
|
|
|a 776 с.
|c ил.
|
| 225 |
1 |
|
|a Библиотека финансового менеджера
|
| 320 |
|
|
|a Библиогр.: с. 708-714.
|
| 320 |
|
|
|a Терминологический словарь: с. 752-776.
|
| 330 |
|
|
|a В книге комплексно рассматривается основной круг вопросов управления финансовой безопасностью предприятия в современных условиях. В ней изложен теоретический базис управления финансовой безопасностью предприятия; сформулированы сущность, задачи и функции этого управления; рассмотрены его методологические системы и методический инструментарий. Книга знакомит с современными методами разработки стратегии обеспечения финансовой безопасности предприятия и системой текущего управления защитой его финансовых интересов от внешних и внутренних угроз. Книга широко иллюстрирована схемами, графиками, таблицами и примерами, содержит основные расчетные алгоритмы и необходимый справочный аппарат. Книга рассчитана па руководителей и финансовых менеджеров предприятий, преподавателей и студентов экономических вузов.
|
| 606 |
1 |
|
|a Предприятия
|x Финансы
|2 stltpush
|3 (RuTPU)RU\TPU\subj\68348
|9 83737
|
| 610 |
1 |
|
|a финансовая безопасность
|
| 610 |
1 |
|
|a управление
|
| 610 |
1 |
|
|a теория
|
| 610 |
1 |
|
|a финансовые интересы
|
| 610 |
1 |
|
|a методология
|
| 610 |
1 |
|
|a информационное обеспечение
|
| 610 |
1 |
|
|a методы
|
| 610 |
1 |
|
|a финансовые стратегии
|
| 610 |
1 |
|
|a стратегический анализ
|
| 610 |
1 |
|
|a оценка
|
| 610 |
1 |
|
|a рентабельность
|
| 610 |
1 |
|
|a капитал
|
| 610 |
1 |
|
|a стоимость
|
| 610 |
1 |
|
|a финансовые ресурсы
|
| 610 |
1 |
|
|a дивидентная политика
|
| 610 |
1 |
|
|a амортизационная политика
|
| 610 |
1 |
|
|a акции
|
| 610 |
1 |
|
|a эмиссия
|
| 610 |
1 |
|
|a займы
|
| 610 |
1 |
|
|a финансовая стабильность
|
| 610 |
1 |
|
|a активы
|
| 610 |
1 |
|
|a денежные потоки
|
| 610 |
1 |
|
|a инвестиционная активность
|
| 610 |
1 |
|
|a финансовые инвестиции
|
| 610 |
1 |
|
|a финансовые риски
|
| 610 |
1 |
|
|a финансовые инновации
|
| 610 |
1 |
|
|a антикризисное управление
|
| 610 |
1 |
|
|a финансовые вычисления
|
| 610 |
1 |
|
|a таблицы
|
| 686 |
|
|
|a У9(2)261.9
|v LBC/SL-A
|2 rubbk
|
| 700 |
|
1 |
|a Бланк
|b И. А.
|
| 801 |
|
1 |
|a RU
|b 63413507
|c 20100624
|
| 801 |
|
2 |
|a RU
|b 63413507
|c 20121129
|g RCR
|
| 942 |
|
|
|c BK
|
| 959 |
|
|
|a 45/20100624
|d 1
|e 334,80
|f ЧЗГЛ:1
|